000 02003cam a2200457 i 4500
001 data
005 20260322212108.0
008 data
035 _a22662517
906 _a7
_bcbc
_corignew
_d1
_eecip
_f20
_gy-gencatlg
925 0 _aacquire
_b1 shelf copy
_xpolicy default
955 _wrm15 2022-06-23 (telework)
_frm05 2024-12-14 to CMD
010 _a 2022029582
020 _a9780262545501
_q(paperback)
020 _z9780262374361
_q(epub)
020 _z9780262374354
_q(pdf)
040 _aDLC
_beng
_erda
_cDLC
041 1 _aeng
_hger
042 _apcc
050 0 0 _aHB701
_b.L76413 2023
082 0 0 _a323.4/6
_223/eng/20220623
100 1 _aLoick, Daniel,
_eauthor.
240 1 0 _aMissbrauch des Eigentums.
_lEnglish
245 1 4 _aThe abuse of property /
_cDaniel Loick ; translated by Jacob Blumenfeld.
264 1 _aCambridge, Massachusetts :
_bThe MIT Press,
_c[2023]
300 _axiii, 121 pages ;
_c18 cm.
336 _atext
_btxt
_2rdacontent
337 _aunmediated
_bn
_2rdamedia
338 _avolume
_bnc
_2rdacarrier
490 0 _aUntimely meditations ;
_v19
500 _aOriginally published as Der Missbrauch des Eigentum in Berlin by August Verlag.
504 _aIncludes bibliographical references.
520 _a"In The Abuse of Property, Daniel Loick offers a multifaceted philosophical critique of property, arguing that property rights are not conditions of freedom or justice, but deficient, dysfunctional, and harmful ways of interacting with other people and the natural environment"--
_cProvided by publisher.
650 0 _aProperty.
650 0 _aRight of property.
650 0 _aProperty
_xSocial aspects.
650 0 _aAcquisition of property.
650 0 _aPersonal property.
650 0 _aProperty
_xPolitical aspects.
776 0 8 _iOnline version:
_aLoick, Daniel.
_tAbuse of property
_dCambridge, Massachusetts : The MIT Press, [2023]
_z9780262374361
_w(DLC) 2022029583
999 _c1594
_d1594